Requesting the President to transmit to the House of Representatives documents relating to Iraq's declaration on its weapons of mass destruction : adverse report (to accompany H. Res. 68).

Bibliographic Details
Corporate Author: United States. Congress. House. Committee on International Relations
Format: Government Document Book
Language:English
Published: [Washington, D.C.] : [U.S. G.P.O.], [2003]
Series:Report / 108th Congress, 1st session, House of Representatives ; 108-38
Subjects:
Online Access:Text version:
PDF version:

MARC

Tag First Indicator Second Indicator Subfields
LEADER 00000cam a2200000 a 4500
001 in00001754521
005 20220106093553.0
008 030410s2003 dcu f000 0 eng c
035 |a (OCoLC)ocm52149005 
040 |a GPO  |c GPO  |d MvI  |d UtOrBLW 
042 |a pcc 
043 |a a-iq--- 
049 |a UDOC  |a WWW 
074 |a 1008-C 
074 |a 1008-C (online) 
074 |a 1008-D (MF) 
074 |a 1008-D (online) 
086 0 |a Y 1.1/8:108-38 
110 1 |a United States.  |b Congress.  |b House.  |b Committee on International Relations. 
245 1 0 |a Requesting the President to transmit to the House of Representatives documents relating to Iraq's declaration on its weapons of mass destruction :  |b adverse report (to accompany H. Res. 68). 
264 1 |a [Washington, D.C.] :  |b [U.S. G.P.O.],  |c [2003] 
300 |a 3 pages ;  |c 24 cm. 
336 |a text  |b txt  |2 rdacontent 
337 |a unmediated  |b n  |2 rdamedia 
338 |a volume  |b nc  |2 rdacarrier 
490 1 |a Report / 108th Congress, 1st session, House of Representatives ;  |v 108-38 
500 |a Caption title. 
500 |a Distributed to some depository libraries in microfiche. 
500 |a "March 18, 2003." 
500 |a Shipping list number: 2003-0155-P. 
500 |a Shipping List Date: 04/09/2003 
530 |a Also available via Internet from the GPO Access web site. Address as of 4/29/03: http://frwebgate.access.gpo.gov/cgi-bin/getdoc.cgi?dbname=108%5Fcong%5Freports&docid=f:hr038.108 (text version), http://frwebgate.access.gpo.gov/cgi-bin/getdoc.cgi?dbname=108%5Fcong%5Freports&docid=f:hr038.108.pdf (PDF version); current access is available via PURLs. 
650 0 |a Weapons of mass destruction  |z Iraq. 
650 0 |a Arms control  |x Verification  |z Iraq. 
810 1 |a United States.  |b Congress.  |b House.  |t Report ;  |v 108-38. 
856 4 1 |3 Text version:  |u https://purl.fdlp.gov/GPO/LPS30336  |t 0 
856 4 1 |3 PDF version:  |u https://purl.fdlp.gov/GPO/LPS30344  |t 0 
999 |a MARS 
999 f f |s f394abe9-5294-3717-ae1e-2eb7ddffb4f7  |i f6e233df-19d2-3a6b-8f3a-25d751176819  |t 0 
952 f f |a Texas A&M University  |b College Station  |c Electronic Resources  |d Available Online  |t 0  |e Y 1.1/8:108-38  |h Superintendent of Documents classification 
998 f f |a Y 1.1/8:108-38  |t 0  |l Available Online